000 00394nam a2200145Ia 4500
008 230917s9999||||xx |||||||||||||| ||und||
040 _e47273
_aMAIN
041 _aEnglish
082 _a294.1 D197V
100 _aDandekar, R N
245 0 _aVedic religion and mythology: A survey of the some western scholars
260 _aPoona
_bUniversity of Poona
_c1965
300 _a53 p.
942 _cBK
999 _c162303
_d162303